| 000 | 00771cam a2200253 i 4500 | ||
|---|---|---|---|
| 999 |
_c59209 _d59209 |
||
| 001 | 59209 | ||
| 003 | Mx-PuUPA | ||
| 005 | 20210514152527.0 | ||
| 008 | 140415s1987 pe a gr 000 0 spa d | ||
| 040 |
_aMx-PuUPA _bspa _cMx-PuUPA _dMx-PuUPA _erda |
||
| 041 | 0 | _aspa | |
| 100 | 1 |
_aFigari Rodrigo, Luis Fernando, _eautor |
|
| 245 | 1 | 0 |
_aEn compañía de María / _cLuis Fernando Figari Rodrigo |
| 250 | _aSegunda edición | ||
| 264 | 1 |
_aLima : _bFondo Editorial, _c1987 |
|
| 300 |
_a154 páginas : _bilustraciones ; _c18 cm |
||
| 336 |
_2rdacontent _atexto _btxt |
||
| 337 |
_2rdamedia _asin medio _bn |
||
| 338 |
_2rdacarrier _avolumen _bnc |
||
| 600 | 0 | 4 | _aVirgen María |
| 942 |
_2ddc _cLI _h232.91 _iF47 |
||